Ερευνα αγοράς : πρακτικός οδηγός

Αποθηκεύτηκε σε:
Λεπτομέρειες βιβλιογραφικής εγγραφής
Κύριος συγγραφέας: Θωμάς, Πλάτων, 1954-
Μορφή: Βιβλίο
Γλώσσα:Greek
Δημοσίευση: Αθήνα : Interbooks, c2000
Θέματα:
Ετικέτες: Προσθήκη ετικέτας
Δεν υπάρχουν, Καταχωρήστε ετικέτα πρώτοι!

MARC

LEADER 00000cam a2200000 i 4500
001 1/20455
008 010807s2000 gr | ||| |||| ||gre||
020 |a 9603900826 
035 |l 10067130 
040 |a GR-MY-UA  |b gre  |e aacr 
041 0 |a gre 
082 0 |a 658.83 
100 1 |a Θωμάς, Πλάτων,   |d 1954- 
245 1 0 |a Ερευνα αγοράς :  |b πρακτικός οδηγός /  |c Ολάτων Κ. Θωμάς 
260 |a Αθήνα :   |b Interbooks,   |c c2000 
300 |a 287 σ. 
504 |a Περιέχει βιβλιογραφία 
650 0 0 |a Marketing research. 
852 |a INST  |b CHIOS  |e 20010807  |h 658.83 ΘΩΜ  |p 005200021065  |q 005200021065  |t BK  |y 0 
901 |a BIBL2-2001-2 
909 |a Χ  |b 083836 
970 |a ΣΠΕΝΤΖΑ  |b ΕΛΕΝΗ  |z 2001/08/07